000
00258nam a22001097a 4500
008
170111b xxu||||| |||| 00| 0 eng d
020
_a
9780781752176
041
_a
eng
080
_2
5TH
_a
618.2
245
_a
FUNDAMENTALS OF NURSING
_c
TAYLOR, C
942
_2
udc
_c
BK
999
_c
2716
_d
2716